| 000 | 00584nam a22001817a 4500 | ||
|---|---|---|---|
| 999 |
_c186896 _d186896 |
||
| 005 | 20220322152801.0 | ||
| 010 | _aENG-132073 | ||
| 020 |
_a9789391766092 _c595.00 |
||
| 035 | _aEN-115605 | ||
| 037 | _bDBAD/PUB | ||
| 082 | _a685.45 | ||
| 100 | _aKrishna Kumar Singh | ||
| 245 |
_aCommunication Skills/ _cKrishna Kumar Singh |
||
| 260 |
_aNew Delhi _bAtharv Publications _c2021 |
||
| 270 |
_a110, 1st Floor, Gali No. 4, Harphool Vihar, Bapraula, _bNew Delhi _e110043 _matharvpublications@gmail.com |
||
| 300 |
_a186p _c22cm(hbk) |
||
| 942 |
_2ddc _cEN _mKRI _h658.45 |
||